000 00441nam a22001577a 4500
999 _c163907
_d163907
005 20190504155432.0
010 _aB-020747
020 _a8171816886
035 _aB-020747
037 _bLearners Press Private Limited
082 _a611.3
245 _aThe Digestive System
260 _aNew Delhi
_bLearners Press Private Limited
_c2000
300 _a31p (it include index)
_c27cm (hbk)
942 _2ddc
_cCH
_h611.3
_mTHE